000 00708nam a22001937a 4500
999 _c181496
_d181496
005 20210916113155.0
010 _aUR-11238
020 _c200.00
_a9789390100866
035 _aU-9793
037 _bDBAD/PUB
082 _a844.08
100 _aمحمد يو نس ٹھو کر طہا
245 _aقا فلہ ا د ب کی ا د بی بسا و ٹ
_cمحمد يو نس ٹھو کر طہا
246 _aQafila -e-Adab Ki Adabi Basawat (Urdu)
_bby Mohd. Younus Thokar Taha
260 _aN.Delhi
_c2020 ء
_bEducational Publishing House
270 _a3191, Vakil Street, Kucha Pandit Lal Kuan,
_b Delhi
_e110006
_l -
300 _a128 ص
_c22 Cm(Hb)
942 _2ddc
_cUR
_h844.08
_mم ح م